Normal view
MARC view
- Bobrow, Jerry
Entry Personal Name
001 - CONTROL NUMBER
- control field: 106884
003 - CONTROL NUMBER IDENTIFIER
- control field: NUST
005 - DATE AND TIME OF LATEST TRANSACTION
- control field: 20230116140743.0
008 - FIXED-LENGTH DATA ELEMENTS
- fixed length control field: 230116|| aca||aabn | a|a d
040 ## - CATALOGING SOURCE
- Original cataloging agency: NUST
- Transcribing agency: NUST
100 ## - HEADING--PERSONAL NAME
- Personal name: Bobrow, Jerry
670 ## - SOURCE DATA FOUND
- Source citation: Work cat.: (NUST)194264: Bobrow, Jerry., Preliminary Scholastic Aptitude Test and National Merit Scholarship Qualifying Test (NMSQT) :, c1986.
